| 000 | 01283nam1a22002531 4500 | ||
|---|---|---|---|
| 001 | rc\4238059 | ||
| 005 | 20130416112002.9 | ||
| 035 | _a(NLR Aleph) 008468366 | ||
| 090 |
_a7913659 _c7913659 |
||
| 100 | _a20130416d1966 |||y0rusy50 ca | ||
| 101 | 0 | _arus | |
| 102 | _aRU | ||
| 105 | _ay z ||||| | ||
| 200 | 1 |
_aПериодическая печать как исторический источник по истории СССР (1895-1917 гг.) _eДля студентов-заочников ист. фак. гос. ун-тов _eВып. 1- _fМ-во высш. и сред. спец. образования РСФСР. Науч.-метод. кабинет по заоч. и вечернему обучению Моск. гос. ун-та им. М.В. Ломоносова |
|
| 210 |
_aМосква _cИзд-во Моск. ун-та _d1966 |
||
| 215 | _d22 | ||
| 607 |
_aСССР _xИстория _jИсточники и источниковедение _xПособия заочные _2psbo |
||
| 608 |
_aПериодика в России _z1895-1917 _jПособия заочные _2psbo |
||
| 700 | 1 |
_aАнтонова _bС. И. _gСерафима Ивановна |
|
| 801 | 0 |
_aRU _bNLR _gpsbo |
|
| 801 | 1 |
_aRU _bELAR _2rusmarc |
|
| 852 |
_aNLR _j66-6/10570 |
||
| 942 | _cBOOK | ||
| 980 | _aNB | ||